01542nam a2200289Ia 450000500170000000800410001702000150005804100080007310000390008124500760012025000220019626400260021830000250024433600270026933700330029633800280032949000380035752006470039553400240104265000260106665000290109265000290112165000240115070000320117404000350120608400110124120220316235414.0121119s2001 sp gr 000 f spa  a842063896X1 aspa1 aStendhal, Henry Beyle, d1783-184213aLa cartuja de ParmacStendhal ; traducción y notas de Consuelo Berges aPrimera edición 1aMadridbAlianzac2001 a616 páginasc19 cm atextobtxt2rdacontent asin mediaciónbn2rdamedia avolumenbnc2rdacarrier0 aEl libro de bolsillo : literatura3 aLa cartuja de Parma narra la historia de Fabricio del Dongo durante los últimos años del dominio napoleónico en Europa. Su tía Gina, la fascinante duquesa de Sanseverino, y el amante de esta, el primer ministro del ducado, urden un plan para promocionar la carrera del adorado sobrino en la corte de Parma. Gina es objeto de las proposiciones del detestable príncipe Ranuccio, al que se ha jurado rechazar con todas sus fuerzas. Fabricio es arrestado por homicidio y encerrado en la torre Farnese. A partir de ahí, las aventuras de Fabricio estarán siempre rodeadas por la amenaza de la muerte y el acecho de un amor inesperado. tChartreuse de Parme142LEMBaNovela francesa142LEMBaNovela policíaca142LEMBaNovela histórica142LEMBaAmor vNovela1 aBerges, Consueloetraductor aCO-BoRNBPbspaerdacCO-BoRNBP aN STE3